Audiovisuelle Rhythmen : Filmmusik, Bewegungskomposition und Die Dynamische Affizierung des Zuschauers.

Bibliographic Details
Main Author: Bakels, Jan-Hendrik.
Format: eBook
Language:German
Published: Berlin/Boston : De Gruyter, Inc., 2016.
Edition:1st ed.
Series:Cinepoetics Series
Subjects:
Online Access:Click to View
LEADER 04193nam a22004093i 4500
001 EBC4793928
003 MiAaPQ
005 20231204023213.0
006 m o d |
007 cr cnu||||||||
008 231204s2016 xx o ||||0 ger d
020 |a 9783110488319  |q (electronic bk.) 
020 |z 9783110480108 
035 |a (MiAaPQ)EBC4793928 
035 |a (Au-PeEL)EBL4793928 
035 |a (CaPaEBR)ebr11334824 
035 |a (OCoLC)971365084 
040 |a MiAaPQ  |b eng  |e rda  |e pn  |c MiAaPQ  |d MiAaPQ 
100 1 |a Bakels, Jan-Hendrik. 
245 1 0 |a Audiovisuelle Rhythmen :  |b Filmmusik, Bewegungskomposition und Die Dynamische Affizierung des Zuschauers. 
250 |a 1st ed. 
264 1 |a Berlin/Boston :  |b De Gruyter, Inc.,  |c 2016. 
264 4 |c ©2017. 
300 |a 1 online resource (300 pages) 
336 |a text  |b txt  |2 rdacontent 
337 |a computer  |b c  |2 rdamedia 
338 |a online resource  |b cr  |2 rdacarrier 
490 1 |a Cinepoetics Series ;  |v v.3 
505 0 |a Intro -- Danksagung -- Inhalt -- 1 Einleitung -- 2 Filmmusik und Zuschauergefühl -- 2.1 Filmmusik - Wahrnehmung und Zeitlichkeit -- Mood-Technik -- Leitmotiv -- Musikalische Idiome und Konventionen -- Physiologie der Wahrnehmung von Filmmusik -- Bild-Ton-Verhältnis -- 2.2 Musikalische Gestaltungsprinzipien, Affekt und Gefühl -- 3 Ausdrucksbewegung, Filmmusik und Zuschauergefühl -- 3.1 Filmische Dynamik - Ausdrucksbewegung, Affekt und Gefühl -- Emotionsmodelle der kognitionstheoretischen Medienwissenschaft -- Mood Cues -- Ausdrucksbewegung, Embodiment und Zuschauergefühl -- Affekt? Emotion? Gefühl? Versuch einer begrifflichen Klärung -- 3.2 Fallstudie musikalische Verläufe und Ausdrucksbewegung - Analyse einer Szene aus The Royal Tenenbaums -- eMAEX - ein dreistufiges Analysemodell -- Szenische Komposition und musikalische Verlaufsmuster: Szenenanalyse zu The Royal Tenenbaums, Szene „Prolog" -- 3.3 Audiovisuelle Dynamik - Musikalische Verläufe und Bewegtbild -- 4 Audiovisuelle Affekte: Filmmusik, Rhythmuswahrnehmung und Kinetik -- 4.1 Audiovisueller Rhythmus? Filmmusik und visuelle Rhythmen -- 4.2 Fallstudie audiovisueller Rhythmus und Affektdynamik - Analyse einer Szene aus Scott Pilgrim vs. The World -- 4.3 Audiovisuelle Bewegung? Filmbild und musikalische Bewegung -- 4.4 Fallstudie audiovisuelle Bewegung - Analyse einer Szene aus Sucker Punch -- 4.5 Audiovisuelle Rhythmisierung - Bewegungsrhythmus, Kinetik und Affekt -- 5 Audiovisuelle Rhythmisierung, Raumzeit und dynamische Affizierung -- 5.1 Zeit, Raum und Filmmusik -- Filmmusik und Zeiterfahrung -- Filmmusik und Raumerfahrung -- 5.2 Fallstudie audiovisueller Rhythmus und Raumzeit - Analyse einer Szene aus Drive -- 5.3 Audiovisuelle Rhythmisierung und Bildraum - Raumzeit- Rhythmen -- 6 Schlussbetrachtungen. 
505 8 |a 6.1 Rhythmus, Bewegung, Tonalität - Eckpunkte eines theoretischen Modells audiovisueller Rhythmisierung -- Film, Musik und dynamische Wahrnehmung -- Audiovisuelle Rhythmen -- Audiovisuelle Bewegungen -- Rhythmus, Bewegung, Bewegungsrhythmus - audiovisuelle Rhythmisierung -- Raumzeit-Rhythmen -- Audiovisuelle Raumzeit und tonale Gestalten -- 6.2 Ausblick - Forschungsperspektiven audiovisueller Rhythmisierung -- Literaturverzeichnis -- Internetquellenverzeichnis -- Abbildungsverzeichnis -- Filmverzeichnis -- Anhang -- Einstellungs-Protokoll, Royal Tenenbaums, Prolog -- Einstellungs-Protokoll, Scott Pilgrim Vs. The World, Chaos Theatre II -- Einstellungs-Protokoll, Sucker Punch, Army of Me -- Einstellungs-Protokoll, Drive, The Elevator -- Index -- Farbabbildungen. 
588 |a Description based on publisher supplied metadata and other sources. 
590 |a Electronic reproduction. Ann Arbor, Michigan : ProQuest Ebook Central, 2023. Available via World Wide Web. Access may be limited to ProQuest Ebook Central affiliated libraries.  
655 4 |a Electronic books. 
776 0 8 |i Print version:  |a Bakels, Jan-Hendrik  |t Audiovisuelle Rhythmen  |d Berlin/Boston : De Gruyter, Inc.,c2016  |z 9783110480108 
797 2 |a ProQuest (Firm) 
830 0 |a Cinepoetics Series 
856 4 0 |u https://ebookcentral.proquest.com/lib/matrademy/detail.action?docID=4793928  |z Click to View